| 000 | 00416nam a2200145Ia 4500 | ||
|---|---|---|---|
| 008 | 220217s9999||||xx |||||||||||||| ||und|| | ||
| 020 | _a9789339204105 | ||
| 082 | _a658.5 CHA | ||
| 100 | _aChase, Richard B and others | ||
| 245 | 0 | _aOperations and supplay chain management | |
| 250 | _a14th | ||
| 260 |
_aMcgraw hill book company _bNew Delhi _c2015 |
||
| 300 |
_aXXXVIII, 934p. _b699 |
||
| 650 | _aMANAGEMENT | ||
| 999 |
_c186580 _d186580 |
||